000 00586nam a2200181 i 4500
001 34829
003 ES-MaACL
005 20230906155014.0
007 t|
008 030211s1978 sp ||||1| spa d
100 1 _aBosson, Rex.
_930719
245 1 3 _aLa industria minera y los paises en desarrollo /
_cRex Bosson, y Bension Varon ; [versión Banco Mundial].
260 _aMadrid :
_bTécnos,
_c[1978]
300 _a270 p. ;
_c24 cm.
700 1 _aVaron, Bension.
_9113242
710 2 _aBanco Internacional de Reconstrucción y Fomento.
_9167953
852 _aES-MaACL
_jA-9444
_bR.98528
999 _c34829
_d34829